书目信息 |
| 题名: |
生物力学
|
|
| 作者: | 亚历山大 , Alexander 著 ;凌复华 著 | |
| 分册: | ||
| 出版信息: | 北京 科学出版社 1980 |
|
| 页数: | 86页 | |
| 开本: | 19cm | |
| 丛书名: | ||
| 单 册: | ||
| 中图分类: | Q66 | |
| 科图分类: | ||
| 主题词: | 生物力学 | |
| 电子资源: | ||
| ISBN: | ||
| 000 | 00786nam0 2200289 45 | |
| 001 | 0180009234 | |
| 005 | 20040525091038.3 | |
| 010 | @dCNY0.40 | |
| 091 | @a13031.1412 | |
| 100 | @a19950422d1980 emky0chiy0121 ea | |
| 101 | 1 | @achi@ceng |
| 102 | @aCN@b110000 | |
| 105 | @ay z 000yy | |
| 106 | @ar | |
| 200 | 10 | @a生物力学@Asheng wu li xue@f( )亚历山大(R.M.Alexander)著@g凌复华译 |
| 210 | @a北京@c科学出版社@d1980 | |
| 215 | @a86页@d19cm | |
| 300 | @a书名原文:Biomechanics | |
| 510 | 1 | @aBiomechanics@zeng |
| 606 | @a生物力学 | |
| 690 | @aQ66@v3 | |
| 701 | 1 | @a亚历山大@Aya li shan da@bR.M.@4著 |
| 701 | A1 | @aAlexander@bR.M.@4著 |
| 702 | 0 | @a凌复华@Aling fu hua@4著 |
| 801 | 0 | @aCN@b上海图书馆@c20040525 |
| 801 | 2 | @aCN@bNLC@c20040525 |
| 905 | @f1@b212895@dQ66@e14 | |
| 生物力学/( )亚历山大(R.M.Alexander)著/凌复华译.-北京:科学出版社,1980 |
| 86页;19cm |
| 书名原文:Biomechanics |
| ISBN :CNY0.40 |
| ● |
| 相关链接 |
|
|
|
|
正题名:生物力学
索取号:Q66/14
 
预约/预借
| 序号 | 登录号 | 条形码 | 馆藏地/架位号 | 状态 | 备注 |
| 1 | 0212895 | 000703536 | 第三借阅区/ [索取号:Q66/14] | 在馆 | |
| 2 | 0212896 | 202100421 | 第二样本阅览室/ [索取号:Q66/14] | 在馆 |